000 00454nam a22001937a 4500
001 2830
003 BD-DhBUF
005 20251124164255.0
008 251124b bg ||||| |||| 00| 0 ben d
020 _a9783992076659
040 _aBD-DhBUF
_cBD-DhBUF
100 _aKafka, Franz
_94210
245 _aMetamorphosis /
_c Franz Kafka,
260 _aDhaka :
_bEBD,
300 _a70p. :
_c22cm. ;
526 _aEnglish
650 _aEnglish
942 _2ddc
_cBK
999 _c2830
_d2830